Catálogo
 En Linea

Manual para el dependiente de farmacia : (Registro nro. 31231)

Detalles MARC
000 -CABECERA
campo de control de longitud fija 00532nam a2200169 a 4500
001 - NÚMERO DE CONTROL
campo de control 000031739
005 - FECHA Y HORA DE LA ÚLTIMA TRANSACCIÓN
campo de control 20240318114638.0
008 - DATOS DE LONGITUD FIJA--INFORMACIÓN GENERAL
campo de control de longitud fija 110701s1988 dr a 000 | spa d
040 ## - FUENTE DE LA CATALOGACIÓN
Centro catalogador/agencia de origen DO-SdBNP
Lengua de catalogación spa
Centro/agencia transcriptor BNPHU
082 ## - NÚMERO DE LA CLASIFICACIÓN DECIMAL DEWEY
Número de clasificación xxx
Número de documento/Ítem A837m, 1988
049 ## - FONDOS LOCALES (OCLC)
Fondos de biblioteca BNPD
110 2# - ENTRADA PRINCIPAL--NOMBRE DE ENTIDAD CORPORATIVA
Nombre de entidad corporativa o nombre de jurisdicción como elemento de entrada Asociación Dominicana Pro Bienestar de la Familia
9 (RLIN) 56602
245 10 - MENCIÓN DE TÍTULO
Título Manual para el dependiente de farmacia :
Resto del título mercadeo social de anticonceptivos.
250 ## - MENCIÓN DE EDICIÓN
Mención de edición 2a ed.
260 ## - PUBLICACIÓN, DISTRIBUCIÓN, ETC.
Lugar de publicación, distribución, etc. Santo Domingo :
Nombre del editor, distribuidor, etc. PROFAMILIA,
Fecha de publicación, distribución, etc. 1988.
300 ## - DESCRIPCIÓN FÍSICA
Extensión 31 p. :
Otras características físicas il. ;
Dimensiones 21 cm.
Existencias
Estado de retiro Estado de pérdida No para préstamo Código de colección Localización permanente Ubicación/localización actual Ubicación en estantería Fecha de adquisición Número de inventario Total de préstamos Signatura topográfica completa Código de barras Fecha visto por última vez Precio válido a partir de Tipo de ítem Koha
    Excluido de préstamo Patrimonio Dominicano Patrimonio Dominicano Patrimonio Dominicano En catalogación 01.07.2011 LF1   xxx A837m, 1988 31739-10 25.06.2020 25.06.2020 Libro y Folleto Colección Patrimonio Dominicano

Con tecnología Koha